| 000 | 01004nam a2200229 a 4500 | ||
|---|---|---|---|
| 001 | 48468 | ||
| 003 | BD-RjUL | ||
| 005 | 20211209054529.0 | ||
| 008 | 160806s2000 bg ||||| |||| 00| 0 ben d | ||
| 020 |
_a9843108396 _c: Tk.850.00 |
||
| 035 | _a(BD-RjUL)48587 | ||
| 040 |
_aBD-RjUL _bben _cBD-RjUL _dBD-RjUL |
||
| 041 | _aben | ||
| 082 |
_223 _a363.209549205 _bMUK 2000 |
||
| 245 | 1 | 0 |
_aমুক্তিযুদ্ধে পুলিশের ভূমিকা / _cসম্পাদনা এ এস এম সামছুল আরেফিন |
| 260 |
_aঢাকা : _bপুলিশ হেডকোয়ার্টার্স, _c২০০০ |
||
| 300 |
_a৯৩৬ পৃ. : _bচিত্র ; _c২৫ সেমি. |
||
| 650 |
_aপুলিশ সেবা _zবাংলাদেশ _y১৯৭১- _9166314 |
||
| 650 |
_aPolice Service _zBangladesh _y1971- _9166315 |
||
| 700 |
_aআরেফিন, এ এস এম সামছুল সম্পাদনা _9146559 |
||
| 942 |
_2ddc _cBK |
||
| 999 |
_c48468 _d48468 |
||